Estatísticas para Frutas do Blox Fruit parte 1

Clique aqui para jogar o quiz

Estatísticas Gerais

  • Esse quiz foi jogado 59 vezes
  • A pontuação média é 11 de 20

Estatísticas das Respostas

HintResposta% Correto
UMA FRUTA BEM PESADAKilo
95%
Tá pegano fogo bixuFlame
68%
LERIGOU LERIGOUIce
68%
Não pode fumar não veiSmoke
68%
Pula PulaSpring
65%
Pior fruta de animalFalcon
62%
Fruto do negãoDark
59%
Helicopter Helicopter paracopter paracopterSpin
59%
GOMU GOMU NOOOOORubber
57%
Fruta do homem cactoSpike
57%
Literalmente homem paredeBarrier
54%
Fruta que qualquer habilidade te deixa cegoLight
54%
Fruta do maior YonkouChop
51%
Quentaso Level maximoMagma
51%
Melhor fruta do jogoBomb
49%
Fruta da mais linda personagem de one pieceLove
49%
YohohohoRevive
46%
Buddha do paraguaiDiamond
43%
Ativador de multiversosDoor
41%
Vilão do MiranhaSand
41%

Distribuição das Pontuações

Percentil de Números Respondidos

Porcentagem de Pessoas com Cada Pontuação

Sua Pontuação Histórica

Você não jogou esse quiz